| 000 | 00666nas a2200229 i 4500 | ||
|---|---|---|---|
| 001 | 1305 | ||
| 003 | ES-MaACL | ||
| 005 | 20250807062533.0 | ||
| 007 | t| | ||
| 008 | 950801d18301833fr | | 1 ||re d | ||
| 022 | _a2017-3857 | ||
| 080 | _a44 | ||
| 245 | 0 | 0 | _aJournal universel et hebdomadaire de médecine et de chirurgie pratiques et des institutions médicales. |
| 260 |
_aParis : _bJ.B. Baillière, _c1830-1833 ( _fHippolyte Tilliard) |
||
| 300 |
_av ; _c22 cm. |
||
| 310 | _aSemanal | ||
| 362 | 0 | _aAño I, t. I (1830)-1833. | |
| 650 | 1 | 7 |
_aMedicina _2embne _914891 |
| 852 |
_aES-MaACL _jHem-124 |
||
| 866 | 0 | _o(1831f.n.1-52)(1832). | |
| 999 |
_c1305 _d1305 |
||